01733nam a2200289 a 450000100100000000500170001000800410002702000150006804000250008308200200010810000340012824501710016225000110033326000670034449000470041149000290045850001260048750502690061365000450088265000390092783000540096683000360102095201320105695201230118895201170131199900150142800000606220240305140450.0090826s2006 dr 001 0 spa d a9945434004 aDO-SdBNPbspacBNPHU a365bM827, 20061 aMora, Wilfredo,d1965-91270110aPenitenciarismo dominicano :bentrevistas con Elio Gómez Grillo (Venezuela), Emma Mendoza Bremauntz (México), David Rivera Nazario (Puerto Rico) /cMora Wilfredo. a3a ed. aSanto Domingo :bSociedad Dominicana de Criminología,c2006.1 aPensamiento criminológicos dominicanov21 aCuadernos de la cárcel aEntrevistas con / Elio Gómez Grillo (Venezuela), Emma Mendoza Bremauntz (México), David Revera Nazario (Puerto Rico).0 aLos orígenes del penitenciarismo -- Seguridad y secuestro -- El interior de la prisión -- Los problemas de la cárcel -- El problema de los penitenciaristas -- El penitenciarismo venezolano -- El penitenciarismo mexicano -- El penitenciarismo puertorriqueño 4aPrisioneszRepública Dominicana914299 4aPrisioneszAmérica Latina917068 0aPensamiento criminológicos dominicanon2917069 0aCuadernos de la cárcel917070 001052708DSaGRbGRcCTd2009-08-26iLF1l0o365 M827, 2006p6062-30r2020-06-25te. 3w2020-06-25yLFDSZPréstamo interno 0010718PDaPDbPDcCTd2009-08-26iLF1l0o365 M827, 2006p6062-10r2020-06-25te. 2w2020-06-25yLFPDZNo se presta 0010718PDaPDbPDcCTd2009-08-26iLF1l0o365 M827, 2006p6062-20r2020-06-25w2020-06-25yLFPDZNo se presta c5858d5858